Statistics for Roblox Players with the Most Visits

Click here to take the quiz!

General Stats

  • This quiz has been taken 74 times
  • The average score is 5 of 20

Answer Stats

Place VisitsRoblox UserMost Visited Place2nd Most Visited Place% Correct
60,727,627StickmasterlukeNatural Disaster Survival [VIP Available]The Underground War
76%
40,481,756Dued1Work at a Pizza PlaceSniper City
50%
25,472,022NikilisMurder MysteryMurder Mystery 2
50%
41,230,507LolerisThe Mad MurdererMad Paintball - Streams!
44%
25,202,293ROBLOXWelcome to ROBLOX BuildingCrossroads
42%
22,115,412ShedletskySword Fights on the Heights lVSword Fight on the Heights Original
32%
30,092,616TheGamer101Sword Fighting TournamentKing of the Hill
21%
29,807,527SeranokCatalog HeavenSurvive the Ghosts
19%
20,992,306DizzyPurpleBeach House RoleplayRoblox's Top Model
13%
21,361,360TheAmazemanROBLOX TitanicSurvive the End of Classic ROBLOX
13%
35,542,575VyrissTheVixenSurvive the Disasters!Survive the Disasters 2! *not done
13%
26,340,041Wingman8Armored Patrol (v8.2)Galleons v6.2b
13%
38,273,317Daxter33Paintball! [Fixes]Paintball 2! [FIXING]
11%
22,144,476Lando64000[FIXED] - Hide and Seek (40 Fields)A Pirate's Life
11%
39,956,266LitozinnamonCall of Robloxia 5 - Roblox at WarPhantom Forces [ Under Dev ]
11%
37,702,936D8DevBase Wars: Bulletproof Vest for Starter[Finished] Infection Attack ll: Mutation!
10%
28,589,921GusmanakApocalypse RisingApocalypse Games (Development Ceased)
10%
31,197,956Spyro372The Complex V7Train Station Teleports (UPDATED)
8%
23,191,239Pieperson50Are You Dirty or Clean?!- Choose - Are You Good or Evil? [FIXED]
5%
36,979,520TadcoolBoys vs. Girls Island Wars[NEW] Code Red Rescue Mission
5%

Score Distribution

Percentile by Number Answered

Percent of People with Each Score

Your Score History

You have not taken this quiz